000 00599nam a22002177a 4500
003 UA-OsUOA
001 99848
007 ta
008 20130520b un ||||| |||| 00| 0 ukr d
090 _a821.512.141
_bС88
942 _cBK
040 _aUA-OsUOA
_brus
_cUA-OsUOA
_dUA-OsUOA
245 _aСтупени жизни
_bповести
_cсост. М. Амиров
300 _a589 с.
955 _a3
041 _arus
080 _a821.512.141
260 _aМ.
_bСовременник
_c1989
650 7 _a82 Література. Літературознавство
_2UDC
999 _c386086
_d386086